|
|
|
|
| LEADER |
00000naa2a2200000 4500 |
| 001 |
183340 |
| 005 |
20251205144354.0 |
| 035 |
|
|
|a (RuTPU)RU\TPU\book\198751
|
| 090 |
|
|
|a 183340
|
| 100 |
|
|
|a 20100714d2004 k y0rusy50 ca
|
| 101 |
0 |
|
|a rus
|
| 102 |
|
|
|a RU
|
| 200 |
1 |
|
|a Разработка компьютерного анализатора спектра акустических сигналов речевого диапазона
|f А. П. Савинов, К. С. Гнюсов, О. В. Нагайцева
|
| 320 |
|
|
|a Библиогр.: 3 назв.
|
| 461 |
|
1 |
|0 (RuTPU)RU\TPU\book\66154
|t Современные техника и технологии
|o X Юбилейная международная научно-практическая конференция студентов, аспирантов и молодых ученых, посвященная 400-летию г. Томска, Томск, 29 марта - 2 апреля 2004 г.
|o труды
|f Томский политехнический университет
|d 2004
|
| 463 |
|
0 |
|0 (RuTPU)RU\TPU\book\65883
|t Т. 2
|v С. 126-128
|d 2004
|
| 610 |
1 |
|
|a акустические сигналы
|
| 610 |
1 |
|
|a компьютерное распознавание
|
| 610 |
1 |
|
|a автоматическое распознавание
|
| 610 |
1 |
|
|a речь
|
| 610 |
1 |
|
|a блок-схемы
|
| 610 |
1 |
|
|a труды учёных ТПУ
|
| 700 |
|
1 |
|a Савинов
|b А. П.
|c специалист в области информатики и вычислительной техники
|c доцент Томского политехнического университета, кандидат технических наук
|f 1943-
|g Анатолий Павлович
|3 (RuTPU)RU\TPU\pers\25947
|
| 701 |
|
1 |
|a Гнюсов
|b К. С.
|
| 701 |
|
1 |
|a Нагайцева
|b О. В.
|c ассистент Томского политехнического университета
|f 1981-
|g Ольга Викторовна
|3 (RuTPU)RU\TPU\pers\25903
|9 11754
|
| 801 |
|
1 |
|a RU
|b 63413507
|c 20100714
|
| 801 |
|
2 |
|a RU
|b 63413507
|c 20150813
|g RCR
|
| 942 |
|
|
|c BK
|